| 000 | 00624nam a2200181 a 4500 | ||
|---|---|---|---|
| 001 | 000044827 | ||
| 005 | 20201002045646.0 | ||
| 008 | 150113s2014 dr ac 000 0 spa d | ||
| 020 | _a9789945166309 | ||
| 040 |
_aDO-SdBNP _bspa _cBNPHU |
||
| 100 | 1 |
_aBaret, Víctor _935108 |
|
| 245 | 1 | 0 |
_aHistoria de las Iglesias Bíblicas Cristianas. / _cVíctor Baret. |
| 260 |
_aSanto Domingo : _bBúho, _c2014. |
||
| 300 |
_a346 p. : _bil., retrs. ; _c23 cm. |
||
| 500 | _aIncluye datos biografícos del autor en la contraportada | ||
| 500 | _a65 aniversario de la Alianza Bíblica Cristiana (ABC) | ||
| 504 | _aBibliografía p: 345-346 | ||
| 999 |
_c44316 _d44316 |
||